00366nam a22001217a 450000500170000000800410001704100130005808200130007110000130008424500350009726000860013265000260021820240520081420.0240520b |||||||| |||| 00| 0 eng d aEnglish  a349 LAW  lEnglish  aThe Law Reports: Appeal Cases  aLondon: bThe Incorporated Council of Law Reporting for England and Wales, c1942 aLegal practice bLaw